000
00329nam a22001457a 4500
008
210323b ||||| |||| 00| 0 eng d
020
_a
9780714876788
041
_a
eng
080
_a
7
082
_a
7
100
_a
44
101
_a
ART
245
_a
A History of Photography in Fashion Magazines
_c
Aletti,V
942
_2
udc
_c
BK
999
_c
56690
_d
56690